zpět

Detail výsledku týmu

Šnyt, Šternberk

Datum a čas kvízu

40 Celkem bodů Celkový počet nahraných bodů na tomto kvízu bez doplňovacích otázek.
1. Pořadí na kvízu Konečné umístění týmu na tomto kvízu.

Zaznamenané odpovědi

# Otázka Odpověď Body Výsledky
1. Jeden z ministrů české vlády s... Robert Plaga 1
2. Vláda jednoho z karibských ost... Barbados 0
3. Jistá 26letá česká zpěvačka, z... Markéta Konvičková 1
4. Cena Ig Nobel Prize, tedy jaká... helium 1
5. Hokejový útočník a bronzový me... Rostislav Olesz 1
6. Po dějinách Ukrajiny, které js... Štěpán I. (Svatý) 1
7. Jak se nazývá město v jižním M... Moháč 0
8. V rámci Pařížské mírové konfer... Trianonská smlouva 1
9. Období mezi lety 1969–1989 v M... János Kádár 0
10. Napište šestipísmennou zkratku... Fidesz 1